<?xml version="1.0" encoding="UTF-8"?>
<collection xmlns="http://www.loc.gov/MARC21/slim">
 <record>
  <leader>00849pamaa2200229   4500</leader>
  <controlfield tag="001">0000050595</controlfield>
  <controlfield tag="005">20130117090000.0</controlfield>
  <controlfield tag="008">120912s2002                             eng  </controlfield>
  <datafield tag="020" ind1="0" ind2="0">
   <subfield code="a">0443070539 (pbk.) </subfield>
  </datafield>
  <datafield tag="090" ind1="0" ind2="0">
   <subfield code="a">RC731 </subfield>
   <subfield code="b">CHA 2002</subfield>
  </datafield>
  <datafield tag="100" ind1="1" ind2="0">
   <subfield code="a">Chaitow </subfield>
  </datafield>
  <datafield tag="245" ind1="1" ind2="0">
   <subfield code="a">Multidisciplinary approaches to breathing pattern disorders  </subfield>
   <subfield code="c">Leon Chaitow, Dinah Bradley, Christopher Gilbert; </subfield>
   <subfield code="f">foreword by Ronald Ley.</subfield>
  </datafield>
  <datafield tag="260" ind1="0" ind2="0">
   <subfield code="a">Edinburgh ; New York: </subfield>
   <subfield code="b">Churchill Livingstone, </subfield>
   <subfield code="c">2002.</subfield>
  </datafield>
  <datafield tag="300" ind1=" " ind2=" ">
   <subfield code="a">xvi, 280 p.: </subfield>
   <subfield code="b">ill.; </subfield>
   <subfield code="c">25 cm.</subfield>
  </datafield>
  <datafield tag="501" ind1="0" ind2="0">
   <subfield code="a">FHLS</subfield>
  </datafield>
  <datafield tag="504" ind1="0" ind2="0">
   <subfield code="a">Includes bibliographical references and index</subfield>
  </datafield>
  <datafield tag="650" ind1="0" ind2="0">
   <subfield code="a">Respiration </subfield>
  </datafield>
  <datafield tag="650" ind1="0" ind2="0">
   <subfield code="a">Breathing exercises -- </subfield>
   <subfield code="x">Therapeutic use </subfield>
  </datafield>
  <datafield tag="650" ind1="0" ind2="0">
   <subfield code="a">Respiratory organs -- </subfield>
   <subfield code="x">Diseases -- </subfield>
   <subfield code="x">Treatment </subfield>
  </datafield>
  <datafield tag="700" ind1="1" ind2="1">
   <subfield code="a">Bradley, </subfield>
   <subfield code="h">Dinah </subfield>
  </datafield>
  <datafield tag="700" ind1="1" ind2="1">
   <subfield code="a">Gilbert, </subfield>
   <subfield code="h">Christopher </subfield>
  </datafield>
  <datafield tag="901" ind1=" " ind2=" ">
   <subfield code="u">www.elsevierdirect.com</subfield>
  </datafield>
 </record>
</collection>
